| 000 | 01655cam a2200265 4500 | ||
|---|---|---|---|
| 001 | ABS65404 | ||
| 008 | 020423n2002 000 0 eng u | ||
| 035 | _a(Sirsi) u117638 | ||
| 100 | _aHeighton, M | ||
| 245 | _aGet in on the Act | ||
| 260 | _c2002 | ||
| 490 |
_aProperty Week _v67(13) 5 April 2002, 33-34(2) |
||
| 520 | _aDiscusses the implications of the Disability Discrimination Act 1995 Part III which comes into effect on 1 October 2004. Outlines the basic statutory obligation of Part III which is contained in s21(2) of the Act and is imposed on 'service providers'. Part III is supplemented by the Disability Discrimination Regulations 2001 which explain the issues that affect landlords and tenants of premises where works need to be carried out to comply with s21(2). Discusses the issue of landlord's granting tenants consent to alter premises, and provides five conditions that landlords can reasonably impose. Also looks at the new Code of Practice issued by the Disability Rights Commission (DRC) in February 2002 which provides guidance on how to avoid discrimination. Concludes that landlords and tenants should take full measures to ensure they comply with their statutory duty. | ||
| 590 | _aABS | ||
| 650 | _aDISABILITY DISCRIMINATION ACT 1995 | ||
| 650 | _aSERVICE PROVIDERS | ||
| 650 | _aALTERATIONS | ||
| 650 | _aMANAGEMENT-BUSINESS MANAGEMENT-DISCRIMINATION-DISABILITY DISCRIMINATION-ACCESSIBILITY | ||
| 650 | _aCODE OF PRACTICE | ||
| 650 | _aDISABILITY DISCRIMINATION REGULATIONS 2001 | ||
| 650 | _aDISABILITY RIGHTS COMMISSION | ||
| 650 | _aDRC | ||
| 690 | _aPROPERTY-LANDLORD AND TENANT | ||
| 942 | _n0 | ||
| 999 |
_c70043 _d70043 |
||